|
|
|
|
| LEADER |
00000nab a2200000 a 4500 |
| 001 |
vtls000488150 |
| 003 |
SK-MaSNL |
| 005 |
20260303004254.0 |
| 008 |
120927c1993 xo 0 slo |
| 015 |
|
|
|a SNBRB19rr/mm-uuuuu
|
| 035 |
|
|
|a CL0488287
|
| 040 |
|
|
|a SNKBUCL
|b slo
|c SNKBUCL
|e AACR2
|
| 041 |
0 |
|
|a slo
|
| 044 |
|
|
|a xo
|c SK
|
| 080 |
|
|
|a 331.881(437.6):331.881(436):061.3
|2 1981
|
| 080 |
|
|
|a 331.881(436)
|2 1981
|
| 100 |
1 |
|
|a (gb)
|4 aut
|9 689056
|
| 245 |
1 |
0 |
|a Černota nesvedčí
|b KOZ SR a ÖGB potvrdili záujem o spoluprácu
|c (gb)
|
| 650 |
0 |
7 |
|a Konfederácia odborových zväzov SR
|2 snkbucl
|9 965145
|
| 650 |
0 |
7 |
|a Rakúsky odborový zväz (ÖGB)
|2 snkbucl
|9 930886
|
| 655 |
|
7 |
|a články z novín a časopisov
|2 snkbucl
|9 267496
|
| 773 |
0 |
|
|t Práca
|g Roč. 48, č. 163 (16. 7. 1993), s. 1-2
|
| 850 |
|
|
|a Slovenská národná knižnica v Martine
|a MTA001
|
| 852 |
|
|
|a SNK
|b KIS3GCP
|
| 958 |
|
|
|a RK
|
| 992 |
|
|
|a RBX
|
| 999 |
|
|
|c 1576913
|d 1578843
|